Slovensko 1 (Record no. 19136)
[ view plain ]
| 000 -NÁVESTIE | |
|---|---|
| fixed length control field | 00247nam a2200109 a 4500 |
| 008 - ÚDAJE S PEVNOU DĹŽKOU – VŠEOBECNÉ INFORMÁCIE | |
| fixed length control field | 110419s1971|||| d |
| 020 ## - MEDZINÁRODNÉ ŠTANDARDNÉ ČÍSLO KNIHY (ISBN) | |
| Údaje o dostupnosti | 120 |
| 044 ## - KÓD KRAJINY VYDAVATEĽA/PRODUCENTA | |
| Kód krajiny MARC | xo |
| Kód krajiny ISO | SK |
| 041 ## - KÓD JAZYKA | |
| Kód jazyka textu/zvukovej stopy alebo samostatných nápisov | slo |
| 245 10 - NÁZOV | |
| Názov | Slovensko 1 |
| Zvyšok názvu | Dejiny |
| 260 ## - VYDAVATEĽSKÉ ÚDAJE, DISTRIBÚCIA ATĎ. | |
| Názov vydavateľa, distibútora atď. | Obzor |
| Miesto publikovania, distribúcie atď. | Bratislava |
| Dátum publikovania, distribúcie atď. | 1971 |
| Stav stiahnutia (Blokovanie) (Withrawn status) | Stav straty | Zdroj klasifikácie pre skladovanie | Stav poškodenia (Damaged status) | Nie pre výpožičky (Not for loan) | Spôsob nadobudnutia (Collection code) | Trvalé umiestnenie | Aktuálne umiestnenie | Dátum nadobudnutia | Náklady, bežná kúpna cena | Inventárne číslo (prírastkové číslo) | Celkom výpožičky | Full call number | Čiarový kód | Dátum posledného výskytu | Dátum poslednej výpôžičky | Cena s účinnosťou od | Typ jednotky Koha |
|---|---|---|---|---|---|---|---|---|---|---|---|---|---|---|---|---|---|
| Kúpa | Mestská knižnica Giraltovce | Mestská knižnica Giraltovce | 2019-11-29 | 120.00 | 17699 | 1 | I1361 | I1361 | 2021-05-04 | 2020-12-15 | 2019-11-29 | Odborná literatúra pre dospelých |